000 00574nam a2200193 a 4500
001 000023101
005 20240306073910.0
008 101126s2004 cu r 000 f spa d
020 _a9592710074
040 _aDO-SdBNP
_bspa
_cBNPHU
082 _axxx
_bM378i
100 1 _aMartí, José,
_d1853-1895
_9645
245 1 3 _aLa Ilíada de Homero /
_cJosé Martí, edición Ela López Ugarte.
250 _aEd. crítica
260 _aLa Habana :
_bCentro de Estudios Martianos,
_c2004.
300 _a101 p. ;
_c18 cm.
700 1 _aLópez Ugarte, Ela
_eed.
_98795
049 _aBNGR
999 _c22598
_d22598